000 02202nam a2200349 i 4500
003 OSt
005 20211013163306.0
008 211005t20202020enka jr 000 1 eng d
020 _a9781787080768
_cRM 85.84
_qhardback
040 _aPPAK
_beng
_cPPAK
_erda
082 0 4 _a520
_223
090 _a520
_bFER
_dK
100 1 _aFerrón, Sheddad Kaid-Sala,
_eauthor.
245 0 0 _aMY FIRST BOOK OF THE COSMOS /
_cSHEDDAD KAID-SALAH FERRÓN & EDUARD ALTARRIBA.
264 1 _aLewes, East Sussex, United Kingdom :
_bButton Books,
_c2020
264 4 _c©2020
300 _a55 pages :
_bcolour illustrations ;
_c26 cm
336 _atext
_2rdacontent
336 _astill image
_2rdacontent
337 _aunmediated
_2rdamedia
338 _avolume
_2rdacarrier
490 1 _aMy first book of the ...
505 _t Introduction
_tGravity
_tNewton's Gravity
_tEinstein's Gravity -- Gravitational Lenses -- How it all began : the Big Bang -- Galaxies -- The size of the Universe -- How is a star born? Types of stars -- The life of a star -- The sun -- How does a star die? -- Is there life beyond Earth? -- Exoplanets -- Escape velocity -- Black holes -- Cosmic background radiation -- The mystery of dark matter -- The cosmic web -- The universe is expanding -- Dark energy -- Gravitational waves -- Wormholes -- What shape is the universe? -- The observable universe -- The cosmic calendar.
520 _aHave you ever found yourself wondering about wormholes, wanting to know what a black hole is, how stars are made, or even how to travel in time? Explore the many wonders of the Cosmos and learn more about the origin, evolution, and order of the Universe with this entertaining and information-packed book. One of the most complex areas of science is presented in a fun and lively way, using highly attractive and absorbing illustrations to explain the basic principles and concepts of the fascinating subject.
521 _aJunior primary school age.
650 1 0 _aAstronomy
_vJuvenile literature.
650 0 _aCosmology
_vJuvenile literature.
650 0 _aOuter space
_vJuvenile literature.
700 1 _a Altarriba, Eduard,
_eauthor.
830 0 _aMy first book of the...
942 _2ddc
_cB
999 _c185220
_d185220